Turecko zápasí s ekonomickou nerovnováhou

V rastúcom hospodárstve Turecka pretvávajú hospodárske problémy a štrukturálna nerovnováha. Očakávania Turecka z prístupových rokovaní s Európskou úniou. Základné makroekonomické údaje za roky 2001 - 2006. Najdôležitejší obchodní partneri v roku 2003. Hospodárky rast v rokoch 2002 - 2004.

Uložené v:
Podrobná bibliografia
Hlavný autor: Zverková, Soňa
Médium: Kapitola
Jazyk:Slovak
Predmet:
Tagy: Pridať tag
Žiadne tagy, Buďte prvý, kto otaguje tento záznam!

MARC

LEADER 00000naa$a2200000$$$4500
001 0023362
005 20231004124820.7
041 0 |a slo 
044 |a SK 
245 1 0 |a Turecko zápasí s ekonomickou nerovnováhou  |c Soňa Zverková 
520 |a V rastúcom hospodárstve Turecka pretvávajú hospodárske problémy a štrukturálna nerovnováha. Očakávania Turecka z prístupových rokovaní s Európskou úniou. Základné makroekonomické údaje za roky 2001 - 2006. Najdôležitejší obchodní partneri v roku 2003. Hospodárky rast v rokoch 2002 - 2004. 
610 2 0 |a Turecko 
610 2 0 |a Európska únia 
610 2 0 |a Medzinárodný menový fond 
610 2 0 |a makroekonomika 
610 2 0 |a nerovnováha hospodárska 
610 2 0 |a produkt domáci hrubý 
610 2 0 |a ukazovatele 
610 2 0 |a rast hospodársky 
610 2 0 |a reformy menové 
610 2 0 |a výmena peňazí 
610 2 0 |a spolupráca hospodárska medzinárodná 
100 1 |a Zverková, Soňa